Malá encyklopédia public relations. 13 Zásady komunikácie neziskových organizácií a vzťahy k zamestnancom

Ciele nezárobkových organizácií. Charakteristika aktivít public relations v týchto organizáciách. Informačná a komunikačná politika. Úlohy výkonného riaditeľa. Vzťahy k zamestnancom. Projekt zamestnaneckých public relations. Informovanie zdola nahor. Manažment ľudských zdrojov.

Guardado en:
Detalles Bibliográficos
Autor principal: Žáry, Ivan
Formato: Capítulo de libro
Lenguaje:eslovaco
Materias:
Etiquetas: Agregar Etiqueta
Sin Etiquetas, Sea el primero en etiquetar este registro!

MARC

LEADER 00000naa a2200000 4500
001 r015748
005 20221213114543.8
041 0 |a slo 
044 |a SK 
245 1 0 |a Malá encyklopédia public relations. 13  |b Zásady komunikácie neziskových organizácií a vzťahy k zamestnancom  |c Ivan Žáry 
520 |a Ciele nezárobkových organizácií. Charakteristika aktivít public relations v týchto organizáciách. Informačná a komunikačná politika. Úlohy výkonného riaditeľa. Vzťahy k zamestnancom. Projekt zamestnaneckých public relations. Informovanie zdola nahor. Manažment ľudských zdrojov. 
610 2 0 |a práca s verejnosťou 
610 2 0 |a organizácie neziskové 
100 1 |a Žáry, Ivan